The Life Guide to Digital Photography : Everything You Need to Shoot Like the Pros /

Contiene: 1) La luz; 2) Los lentes; 3) Los elementos de diseño; 4) El color; 5) La composición; 6) Los últimos tips del autor.

Na minha lista:
Detalhes bibliográficos
Autor principal: McNally, Joe (autor)
Outros Autores: Loengard, John (prólogo) (prólogo)
Formato: Livro
Idioma:inglês
Publicado em: Nueva York, EUA : Life, 2010, c2010
Assuntos:
Tags: Adicionar Tag
Sem tags, seja o primeiro a adicionar uma tag!

MARC

LEADER 00000nam^a2200000^a^4500
001 000323687
005 20250521000000.0
008 120817 20102010
009 20260310113646.825
020 |a 978-1-60320-127-8 
037 |a Acervo ITESO - Biblioteca 
041 |a ING 
082 |a 772. 1  |b MCN 
100 |a McNally, Joe  |e (autor) 
245 1 4 |a The Life Guide to Digital Photography :  |b Everything You Need to Shoot Like the Pros /  |c J. McNally ; pról. de J. Loengard. 
264 4 |a Nueva York, EUA :  |b Life,  |c 2010, c2010 
300 |a 256 p. 
336 |a texto  |b txt  |2 rdacontenido 
337 |a sin mediación  |b n  |2 rdamedio 
338 |a volumen  |b nc  |2 rdasoporte 
520 |a Contiene: 1) La luz; 2) Los lentes; 3) Los elementos de diseño; 4) El color; 5) La composición; 6) Los últimos tips del autor. 
649 |a XX 
650 |a Géneros Fotográficos 
650 |a Fotografía Digital -  |x Tema Principal 
650 |a Fotografía Digital -  |x Técnica 
650 |a Fotografía Digital -  |x Materiales y Equipo 
650 |a Fotografía -  |x Técnica 
650 |a Fotografía -  |x Materiales y Equipo 
650 |a Arte Digital -  |x Técnica 
650 |a Comunicación Visual -  |x Técnica 
700 |a Loengard, John  |e (prólogo) 
910 |a Fondo General 
920 |a Impresos - Libros 
930 |a Colección General 
905 |a 101 
901 |a 0500211534  |b IT1  |c ACC  |i C133160  |u 20250521 
902 |a https://opac.biblio.iteso.mx/vufind/Record/000323687